Investigació d'accidents de circulació : manual de consulta / [text: Juan Antonio Castilla] manual de consulta / [text:
Publicado:
Barcelona :
Diputació de Barcelona. Àrea de Presidència. Direcció de Serveis de Formació ,
2009
Descripción Física:
154 p. : il., taules, gràfics ; 29 cm
Materias:
Circulació -- Accidents -- Investigació
MARC
| LEADER | 00000nam a2200000Ia 4500 | ||
|---|---|---|---|
| 001 | 22510 | ||
| 008 | 160829s2009 xx 000 0 cat d | ||
| 080 | |a C-3-279 | ||
| 100 | |a Castilla, Juan Antonio |9 39729 | ||
| 245 | |a Investigació d'accidents de circulació : |b manual de consulta / [text: |b Juan Antonio Castilla] | ||
| 250 | |a 2a ed. | ||
| 260 | |a Barcelona : |b Diputació de Barcelona. Àrea de Presidència. Direcció de Serveis de Formació, |c 2009 | ||
| 300 | |a 154 p. : |b il., taules, gràfics ; |c 29 cm | ||
| 590 | |a Bibliografia comentada. | ||
| 590 | |a Inclou material d'autoavaluació | ||
| 650 | |a Circulació |x Accidents |x Investigació |9 39730 | ||
| 710 | |a Barcelona (Catalunya : Província). |b Direcció de Serveis de Formació |9 51343 | ||
| 901 | |a Arxiu | ||
| 942 | |n 1 | ||
| 952 | |0 0 |1 0 |4 0 |6 C3279 |7 1 |9 51703 |a Arxiu |b Arxiu |d 2016-12-01 |l 0 |o C-3-279 |p 22510 |r 2016-12-01 00:00:00 |w 2016-12-01 |y ARXIU | ||
| 999 | |c 55548 |d 55548 | ||